<?xml version="1.0" encoding="UTF-8"?>
<record
    xmlns:xsi="http://www.w3.org/2001/XMLSchema-instance"
    xsi:schemaLocation="http://www.loc.gov/MARC21/slim http://www.loc.gov/standards/marcxml/schema/MARC21slim.xsd"
    xmlns="http://www.loc.gov/MARC21/slim">

  <leader>02261nam a22003137a 4500</leader>
  <datafield tag="999" ind1=" " ind2=" ">
    <subfield code="c">21760</subfield>
    <subfield code="d">21760</subfield>
  </datafield>
  <controlfield tag="003">AR-CdUCM</controlfield>
  <controlfield tag="008">190425b           ||||| |||| 00| 0 spa d</controlfield>
  <datafield tag="040" ind1=" " ind2=" ">
    <subfield code="a">MUNICIPALIDAD PROVINCIAL DEL CUSCO</subfield>
    <subfield code="c">BIBLIOTECA MUNICIPAL DEL CUSCO</subfield>
  </datafield>
  <datafield tag="082" ind1=" " ind2=" ">
    <subfield code="a">Rev.Univ/N&#xB0;106/1954</subfield>
  </datafield>
  <datafield tag="110" ind1=" " ind2=" ">
    <subfield code="a">Universidad Nacional de San Antonio Abad del Cusco</subfield>
    <subfield code="9">15942</subfield>
  </datafield>
  <datafield tag="245" ind1=" " ind2=" ">
    <subfield code="a">Revista Universitaria :</subfield>
    <subfield code="b">&#xD3;rgano de la Universidad del Cuzco /</subfield>
  </datafield>
  <datafield tag="260" ind1=" " ind2=" ">
    <subfield code="a">Cusco :</subfield>
    <subfield code="b">H.G. Rozas,</subfield>
    <subfield code="c">1954.</subfield>
  </datafield>
  <datafield tag="300" ind1=" " ind2=" ">
    <subfield code="a">273 p&#xE1;ginas. :</subfield>
    <subfield code="c">20 cm.</subfield>
  </datafield>
  <datafield tag="440" ind1=" " ind2=" ">
    <subfield code="a">Revista Universitaria</subfield>
    <subfield code="n">A&#xF1;o XLIII, 1&#xB0; semestre 1954, N&#xB0;106.</subfield>
    <subfield code="9">45996</subfield>
  </datafield>
  <datafield tag="505" ind1=" " ind2=" ">
    <subfield code="a">Contenido: Figuras cuzque&#xF1;as. Luis Felipe Paredes. -- El Cuzco en su trayectoria y sus problemas. Antonio Astete Abrill. -- Dos maestros cuzque&#xF1;os. Wilbert Salas Rodr&#xED;guez. -- El Cuzco del incario. Maximiliano Moscoso. -- Luces y contraluces del gran Mariscal Ram&#xF3;n Castilla. Luis Velasco Arag&#xF3;n. -- El libertador Mariscal Castilla y la instrucci&#xF3;n en el Per&#xFA;. Benjam&#xED;n Rojas D&#xED;az. -- Dimensi&#xF3;n humana de Jos&#xE9; de San Mart&#xED;n. Humberto Vidal Unda. -- Teor&#xED;a del desarrollo inc&#xE1;sico. Carlos N&#xFA;&#xF1;ez Anavitarte. -- Estudio de la Geograf&#xED;a peruana y la educaci&#xF3;n. Daniel Heredia. -- Arist&#xF3;teles y los aspectos de la educaci&#xF3;n. Ra&#xFA;l Vallejos. -- Leyes gen&#xE9;ticas de los elementos qu&#xED;micos. Oswaldo Baca Mendoza. -- La expedici&#xF3;n de la de La Combe al Madre de Dios. Agust&#xED;n Tamayo. -- Escritura fon&#xE9;tica del Quechua y del Aymara. Andr&#xE9;s Alencastre. -- Biograf&#xED;a de Juli&#xE1;n Santisteban Ochoa. Horacio Villanueba. Documentos del IV Congreso peruano de Qu&#xED;mica. Colecci&#xF3;n de autores cuzque&#xF1;os. Clorinda Matto de Turner. Leyendas, Biograf&#xED;as y hojas sueltas, 2&#xB0; tomo de Tradiciones Cuzque&#xF1;as.</subfield>
  </datafield>
  <datafield tag="650" ind1=" " ind2=" ">
    <subfield code="a">Ram&#xF3;n Castilla</subfield>
    <subfield code="9">8385</subfield>
  </datafield>
  <datafield tag="650" ind1=" " ind2=" ">
    <subfield code="a">Jos&#xE9; de San Mart&#xED;n</subfield>
    <subfield code="9">3366</subfield>
  </datafield>
  <datafield tag="650" ind1=" " ind2=" ">
    <subfield code="a">Idioma Quechua</subfield>
    <subfield code="9">27790</subfield>
  </datafield>
  <datafield tag="650" ind1=" " ind2=" ">
    <subfield code="a">Clorinda Matto de Turner</subfield>
    <subfield code="9">29945</subfield>
  </datafield>
  <datafield tag="650" ind1=" " ind2=" ">
    <subfield code="a">Tradiciones cusque&#xF1;as</subfield>
    <subfield code="9">31110</subfield>
  </datafield>
  <datafield tag="700" ind1=" " ind2=" ">
    <subfield code="a">Astete Abrill, Antonio</subfield>
    <subfield code="9">32447</subfield>
  </datafield>
  <datafield tag="700" ind1=" " ind2=" ">
    <subfield code="a">Velasco Arag&#xF3;n, Luis</subfield>
    <subfield code="9">45947</subfield>
  </datafield>
  <datafield tag="700" ind1=" " ind2=" ">
    <subfield code="a">Baca Mendoza, Oswaldo</subfield>
    <subfield code="9">29966</subfield>
  </datafield>
  <datafield tag="700" ind1=" " ind2=" ">
    <subfield code="a">Villanueva Urteaga, Horacio</subfield>
    <subfield code="9">5790</subfield>
  </datafield>
  <datafield tag="700" ind1=" " ind2=" ">
    <subfield code="a">Vidal Unda, Humberto</subfield>
    <subfield code="9">45978</subfield>
  </datafield>
  <datafield tag="710" ind1=" " ind2=" ">
    <subfield code="a">Universidad Nacional de San Antonio Abad del Cusco</subfield>
    <subfield code="9">15942</subfield>
  </datafield>
  <datafield tag="942" ind1=" " ind2=" ">
    <subfield code="2">ddc</subfield>
    <subfield code="c">PP</subfield>
  </datafield>
  <datafield tag="945" ind1=" " ind2=" ">
    <subfield code="a">rac</subfield>
  </datafield>
  <datafield tag="952" ind1=" " ind2=" ">
    <subfield code="0">0</subfield>
    <subfield code="2">ddc</subfield>
    <subfield code="4">0</subfield>
    <subfield code="7">0</subfield>
    <subfield code="a">HEM</subfield>
    <subfield code="b">HEM</subfield>
    <subfield code="c">CART</subfield>
    <subfield code="d">2021-07-12</subfield>
    <subfield code="g">10.00</subfield>
    <subfield code="o">Rev.Univ/N&#xB0;106/1954</subfield>
    <subfield code="p">REVC000144</subfield>
    <subfield code="r">2021-07-12</subfield>
    <subfield code="y">PP</subfield>
  </datafield>
</record>
